000 00195 a2200097 4500
020 _a9788426360113
041 _aspa
100 _aCarl Norac
245 _aUn celular en el polo norte
942 _cBK
999 _c29473
_d29471